Análisis de circuitos en ingeniería (Registro nro. 12903)
[ vista simple ]
| 000 -Cabecera | |
|---|---|
| Campo de control de longitud fija | 01488nam a22004937a 4500 |
| 005 - Fecha y hora de la última transacción | |
| Campo de control | 20230830114119.0 |
| 008 - Elementos de longitud fija--Información general | |
| Campo de control de longitud fija | 210202b2019 xxu||||| |||| 00| 0 spa d |
| 020 ## - International Standard Book Number | |
| Número Internacional Estándar del Libro (ISBN) | 9781456272135 |
| 041 ## - Idioma | |
| Código de idioma | Español |
| 082 ## - Clasificación Decimal Dewey | |
| Número de clasificación | 621.381.5 H426a9 |
| 100 ## - Entrada principal--Autor personal | |
| Nombre personal | Hayt, William H. |
| 9 (RLIN) | 59654 |
| 100 ## - Entrada principal--Autor personal | |
| Nombre personal | Kemmerly, Jack E. |
| 9 (RLIN) | 59655 |
| 100 ## - Entrada principal--Autor personal | |
| Nombre personal | Phillips, Jamie D. |
| 9 (RLIN) | 59656 |
| 100 ## - Entrada principal--Autor personal | |
| Nombre personal | Durbin, Steven M. |
| 9 (RLIN) | 26403 |
| 245 ## - Título propiamente dicho | |
| Título | Análisis de circuitos en ingeniería |
| 250 ## - Edición | |
| Mención de edición | 9 edición |
| 260 ## - Pie de imprenta | |
| Lugar de publicación, distribución, etc. | México |
| 260 ## - Pie de imprenta | |
| Nombre del editor, distribuidor, etc. | McGraw-Hill |
| 260 ## - Pie de imprenta | |
| Fecha de publicación, distribución, etc. | 2019 |
| 300 ## - Descripción física | |
| Extensión | 864 páginas |
| 650 ## - Materia general | |
| Temática (materia general) | ANÁLISIS DE CIRCUITOS |
| 650 ## - Materia general | |
| Temática (materia general) | CIRCUITOS ELÉCTRICOS |
| 650 ## - Materia general | |
| Temática (materia general) | LEYES DE TENSIÓN |
| 650 ## - Materia general | |
| Temática (materia general) | LEYES DE CORRIENTE |
| 650 ## - Materia general | |
| Temática (materia general) | ANÁLISIS NODAL |
| 650 ## - Materia general | |
| Temática (materia general) | ANÁLISIS DE MALLA |
| 650 ## - Materia general | |
| Temática (materia general) | AMPLIFICADOR OPERACIONAL |
| 650 ## - Materia general | |
| Temática (materia general) | CAPACITORES |
| 650 ## - Materia general | |
| Temática (materia general) | INDUCTORES |
| 650 ## - Materia general | |
| Temática (materia general) | CIRCUITOS RL |
| 650 ## - Materia general | |
| Temática (materia general) | CIRCUITOS RC |
| 650 ## - Materia general | |
| Temática (materia general) | ESTADO SENOIDAL |
| 650 ## - Materia general | |
| Temática (materia general) | POTENCIA EN CIRCUITOS DE CA |
| 650 ## - Materia general | |
| Temática (materia general) | CIRCUITOS POLIFÁSICOS |
| 650 ## - Materia general | |
| Temática (materia general) | CIRCUITOS ACOPLADOS MAGNÉTICAMENTE |
| 650 ## - Materia general | |
| Temática (materia general) | CIRCUITOS EN EL DOMINIO S |
| 650 ## - Materia general | |
| Temática (materia general) | RESPUESTA EN FRECUENCIA |
| 650 ## - Materia general | |
| Temática (materia general) | REDES DE DOS PUERTOS |
| 650 ## - Materia general | |
| Temática (materia general) | CIRCUITOS POR FOURIER |
| 650 ## - Materia general | |
| Temática (materia general) | TEOREMAS |
| 650 ## - Materia general | |
| Temática (materia general) | ECUACIONES SIMULTÁNEAS |
| 942 ## - Punto de acceso adicional KOHA | |
| Tipo de ítem KOHA | Libro |
| Fuente del sistema de clasificación o colocación | Dewey Decimal Classification |
| Signatura completa | Código de barras | Programa Académico | Tipo de ítem |
|---|---|---|---|
| 621.381.5 H426a9 | 25165 | Electrónica | Libro |